| 000 | 00508nam a22001937a 4500 | ||
|---|---|---|---|
| 003 | LK-CoMWRAF | ||
| 005 | 20230907225955.0 | ||
| 008 | 230907b2014 |||||||| |||| 00| 0 eng d | ||
| 020 | _a0966722167 | ||
| 040 |
_aLK-CoMWRAF _dLK-CoMWRAF _eLK-CoMWRAF |
||
| 041 | _aeng | ||
| 082 |
_a428.2 _bSTR |
||
| 100 | _aStraus, Jane | ||
| 245 | _aThe Blue book of Grammar and punctuation | ||
| 260 |
_aMill valley : _bBare bones training, _c2014 |
||
| 650 | _aEnglish Grammar | ||
| 650 | _aPunctuation | ||
| 942 | _cBK | ||
| 999 |
_c3466 _d3466 |
||